000 00676nam a2200229Ii 4500
003 JO-AjNU
008 230605s9999||||xx |||||||||||||| ||und||
017 _a1999/4/465
020 _a9957-09-034-8
040 _aJO-AjNU
_bara
_erda
_cJO-AjNU
041 _aara
050 1 4 _aPJ7862.A515.A78 1999
100 3 _aصالح، عبدالسلام ,
_eauthor
_957051
245 0 0 _aارواح برية
250 _aط1
264 3 1 _aعمان: دار الازمنة، 1999
300 _a174ص
336 _atext
_btxt
_2rdacontent
337 _aunmediated
_bn
_2rdamedia
338 _avolume
_bnc
_2rdacarrier
650 4 _aالآداب - الرواية العربية
_957052
999 _aA25543
_c29111
_d29111